| 000 | 006730000a22002050004500 | ||
|---|---|---|---|
| 090 |
_aAR _b00127 |
||
| 245 | 1 | 0 | _aDensity dependence in two understory tree species in a neotropical forest |
| 650 | 1 | 4 |
_aBosques _992270 |
| 650 | 1 | 4 |
_aEspecies forestales _992707 |
| 650 | 1 | 4 |
_aDemografía forestal _992974 |
| 650 | 1 | 4 |
_aDensidad de especies forestales _992975 |
| 650 | 1 | 4 |
_aDinámica de poblaciones forestales _992976 |
| 651 | 4 |
_dIsla Barro Colorado _pPanamá _992749 |
|
| 041 | 0 | _aInglés | |
| 700 | 1 |
_aHubbell, Stephen P. _917202 |
|
| 700 | 1 |
_aFoster, Robin B. _992804 |
|
| 100 | 1 |
_aCondit, Richard _99463 |
|
| 942 | _cARTICULO | ||
| 773 | 1 |
_tEcology _357 _h3 _q671-680 _d1994 _g75 |
|
| 999 |
_c9228 _d9228 |
||